书目信息 |
| 题名: |
走进世界著名博物馆
|
|
| 作者: | 本书编委会编 | |
| 分册: | ||
| 出版信息: | 广州 世界图书出版公司 2009 |
|
| 页数: | 200页 | |
| 开本: | 23cm | |
| 丛书名: | 看图走天下丛书 | |
| 单 册: | ||
| 中图分类: | G269.1 | |
| 科图分类: | ||
| 主题词: | 博物馆--介绍--世界 | |
| 电子资源: | ||
| ISBN: | 978-7-5100-0634-0 | |
| 000 | 00690nam0 2200217 450 | |
| 001 | 2341115691 | |
| 005 | 20231207133540.15 | |
| 010 | @a978-7-5100-0634-0@dCNY24.80 | |
| 100 | @a20100527d2009 demy0chiy0120 ea | |
| 101 | 0 | @achi |
| 102 | @aCN@b440000 | |
| 105 | @aa z 000yy | |
| 200 | 1 | @a走进世界著名博物馆@Azou jin shi jie zhu ming bo wu guan@b专著@f本书编委会编 |
| 210 | @a广州@c世界图书出版公司@d2009 | |
| 215 | @a200页@c图@d23cm | |
| 225 | 1 | @a看图走天下丛书 |
| 330 | @a本书精选世界著名博物馆,全面介绍博物馆的由来与发展,诠释博物馆的功能与其蕴含的人文精神。 | |
| 606 | 0 | @a博物馆@x介绍@y世界 |
| 690 | @aG269.1@v5 | |
| 801 | 2 | @aCN@b辽宁北配@c20231205 |
| 905 | @aZUCC@dG269.1@e5 | |
| 走进世界著名博物馆/本书编委会编.-广州:世界图书出版公司,2009 |
| 200页:图;23cm.-(看图走天下丛书) |
| ISBN 978-7-5100-0634-0:CNY24.80 |
| 本书精选世界著名博物馆,全面介绍博物馆的由来与发展,诠释博物馆的功能与其蕴含的人文精神。 |
| ● |
| 相关链接 |
|
|
|
正题名:走进世界著名博物馆
索取号:G269.1/5
 
预约/预借
| 序号 | 登录号 | 条形码 | 馆藏地/架位号 | 状态 | 备注 |
| 1 | 2001207833 | 2001207833 | 320书库/ [索取号:G269.1/5] | 在馆 | |
| 2 | 2001207834 | 2001207834 | 320书库/ [索取号:G269.1/5] | 在馆 | |
| 3 | 2001207835 | 2001207835 | 320书库/ [索取号:G269.1/5] | 在馆 | |
| 4 | 2001207836 | 2001207836 | 320书库/ [索取号:G269.1/5] | 在馆 | |
| 5 | 2001207837 | 2001207837 | 320书库/ [索取号:G269.1/5] | 在馆 | |
| 6 | 2001207838 | 2001207838 | 320书库/ [索取号:G269.1/5] | 在馆 | |
| 7 | 2001207839 | 2001207839 | 320书库/ [索取号:G269.1/5] | 在馆 | |
| 8 | 2001207840 | 2001207840 | 320书库/ [索取号:G269.1/5] | 在馆 | |
| 9 | 2001207841 | 2001207841 | 320书库/ [索取号:G269.1/5] | 在馆 | |
| 10 | 2001207842 | 2001207842 | 320书库/ [索取号:G269.1/5] | 在馆 | |
| 11 | 2001207843 | 2001207843 | 320书库/ [索取号:G269.1/5] | 在馆 | |
| 12 | 2001207844 | 2001207844 | 320书库/ [索取号:G269.1/5] | 在馆 | |
| 13 | 2001207845 | 2001207845 | 320书库/ [索取号:G269.1/5] | 在馆 | |
| 14 | 2001207846 | 2001207846 | 320书库/ [索取号:G269.1/5] | 在馆 | |
| 15 | 2001207847 | 2001207847 | 320书库/ [索取号:G269.1/5] | 在馆 | |
| 16 | 2001207848 | 2001207848 | 320书库/ [索取号:G269.1/5] | 在馆 | |
| 17 | 2001207849 | 2001207849 | 320书库/ [索取号:G269.1/5] | 在馆 | |
| 18 | 2001207850 | 2001207850 | 320书库/ [索取号:G269.1/5] | 在馆 | |
| 19 | 2001207851 | 2001207851 | 320书库/ [索取号:G269.1/5] | 在馆 | |
| 20 | 2001207852 | 2001207852 | 320书库/ [索取号:G269.1/5] | 在馆 | |
| 21 | 2001207853 | 2001207853 | 320书库/ [索取号:G269.1/5] | 在馆 | |
| 22 | 2001207854 | 2001207854 | 320书库/ [索取号:G269.1/5] | 在馆 | |
| 23 | 2001207855 | 2001207855 | 320书库/ [索取号:G269.1/5] | 在馆 | |
| 24 | 2001207856 | 2001207856 | 320书库/ [索取号:G269.1/5] | 在馆 | |
| 25 | 2001207857 | 2001207857 | 320书库/ [索取号:G269.1/5] | 在馆 | |
| 26 | 2001207858 | 2001207858 | 320书库/ [索取号:G269.1/5] | 在馆 | |
| 27 | 2001207859 | 2001207859 | 320书库/ [索取号:G269.1/5] | 在馆 | |
| 28 | 2001207860 | 2001207860 | 320书库/ [索取号:G269.1/5] | 在馆 | |
| 29 | 2001207861 | 2001207861 | 320书库/ [索取号:G269.1/5] | 在馆 | |
| 30 | 2001207862 | 2001207862 | 320书库/ [索取号:G269.1/5] | 在馆 |